|
|
|
|
| LEADER |
01819nam a2200481 4500 |
| 001 |
ocn781540248 |
| 003 |
OCoLC |
| 005 |
20180501121955.0 |
| 006 |
m o d |
| 007 |
cr cn||||||||| |
| 008 |
120308s2012 maua ob 001 0 eng d |
| 040 |
|
|
|a E7B
|b eng
|e pn
|c E7B
|d OCLCQ
|d OPELS
|d OCLCQ
|d N$T
|d OCLCQ
|d YDXCP
|d OCLCF
|d CDX
|d UIU
|d OCLCQ
|d DEBBG
|d GrThAP
|
| 019 |
|
|
|a 785780362
|a 794619733
|a 794706653
|
| 020 |
|
|
|a 9780123948250
|q (electronic bk.)
|
| 020 |
|
|
|a 0123948258
|q (electronic bk.)
|
| 020 |
|
|
|a 9780123948052
|
| 020 |
|
|
|a 0123948053
|
| 024 |
8 |
|
|a 9786613611161
|
| 035 |
|
|
|a (OCoLC)781540248
|z (OCoLC)785780362
|z (OCoLC)794619733
|z (OCoLC)794706653
|
| 050 |
|
4 |
|a QR41.2
|b .A38 2012eb
|
| 072 |
|
7 |
|a SCI
|x 008000
|2 bisacsh
|
| 072 |
|
7 |
|a SCI
|x 045000
|2 bisacsh
|
| 082 |
0 |
4 |
|a 579
|2 23
|
| 049 |
|
|
|a TEFA
|
| 245 |
0 |
0 |
|a Advances in applied microbiology.
|n Volume 78 /
|c edited by Allen I. Laskin, Sima Sarialani, Geoffrey M. Gadd.
|
| 250 |
|
|
|a 1st ed.
|
| 260 |
|
|
|a Boston :
|b Academic Press,
|c 2012.
|
| 300 |
|
|
|a 1 online resource (vii, 168 pages) :
|b color illustrations.
|
| 336 |
|
|
|a text
|b txt
|2 rdacontent
|
| 337 |
|
|
|a computer
|b c
|2 rdamedia
|
| 338 |
|
|
|a online resource
|b cr
|2 rdacarrier
|
| 490 |
0 |
|
|a Advances in applied microbiology,
|x 0065-2164 ;
|v v. 78
|
| 504 |
|
|
|a Includes bibliographical references and index.
|
| 650 |
|
0 |
|a Microbiology.
|
| 650 |
|
7 |
|a SCIENCE
|x Life Sciences
|x Biology.
|2 bisacsh
|
| 650 |
|
7 |
|a SCIENCE
|x Life Sciences
|x Microbiology.
|2 bisacsh
|
| 650 |
|
7 |
|a Microbiology.
|2 fast
|0 (OCoLC)fst01019576
|
| 655 |
|
4 |
|a Electronic books.
|
| 700 |
1 |
|
|a Laskin, Allen I.,
|d 1928-
|
| 700 |
1 |
|
|a Sarialani, Sima.
|
| 700 |
1 |
|
|a Gadd, Geoffrey M.
|
| 776 |
0 |
8 |
|i Print version:
|z 9786613611161
|
| 856 |
4 |
0 |
|u https://www.sciencedirect.com/science/bookseries/00652164/78
|z Full Text via HEAL-Link
|